000 00516nam a2200181Ia 4500
005 20250508160308.0
008 008 250505s9999 xx 000 0 eng d
037 _aBooks to be hide in OPAC
040 _aFEDL
_beng
_cFEDL
041 _aeng
_2eng
084 _a001, BRI
_qFEDL
100 _aCook Katherine M
245 0 _aSupervision of rural schools
260 _aWashington, USA
_bU.S. Government Printing Office
_c1922
300 _a111p.
942 _cHB
_h001, BRI
999 _c1363443
_d1363443